| 000 | 00000nam 2200000zi 4500 |
| 001 | 9.954326 |
| 003 | CaOODSP |
| 005 | 20250924095348 |
| 006 | m o d f |
| 007 | cr cn||||||||| |
| 008 | 250820t20252025onca obs f000 0 fre d |
| 020 | |a9780660785776 |
| 040 | |aCaOODSP|bfre|erda|cCaOODSP |
| 043 | |an-cn--- |
| 045 | |ax9y2 |
| 086 | 1 |aCS11-627/2025-45F-PDF |
| 245 | 04|aLes prénoms de bébé les plus populaires au Canada en 2024. |
| 264 | 1|a[Ottawa] : |bStatistique Canada = Statistics Canada, |c[2025] |
| 264 | 4|c©2025 |
| 300 | |a1 ressource en ligne (1 page) : |billustrations en couleur |
| 336 | |atexte|btxt|2rdacontent/fre |
| 337 | |ainformatique|bc|2rdamedia/fre |
| 338 | |aressource en ligne|bcr|2rdacarrier/fre |
| 500 | |aPublié aussi en anglais sous le titre : Canada's most popular baby names in 2024. |
| 500 | |a« Numéro au catalogue : 11-627-M. » |
| 504 | |aComprend des références bibliographiques. |
| 520 | |a« Cette infographie présente une sélection de résultats de la dernière mise à jour de « l'Observatoire des prénoms de bébé », basé sur les naissances de l'état civil. Elle présente le palmarès des 10 prénoms de bébé les plus populaires en 2024 pour les garçons et les filles, les prénoms du palmarès des 100 qui ont enregistré les plus grands gains de popularité entre 2023 et 2024, et les autres tendances en matière de prénoms de bébé » -- Fourni par l'éditeur. |
| 650 | 0|aNoms de personnes|zCanada|vStatistiques. |
| 655 | 7|aStatistiques|2rvmgf |
| 655 | 7|aInfographies|2rvmgf |
| 710 | 2 |aStatistique Canada, |eorganisme de publication. |
| 775 | 08|tCanada's most popular baby names in 2024.|w(CaOODSP)9.954325 |
| 856 | 40|qPDF|s4.44 Mo|uhttps://publications.gc.ca/collections/collection_2025/statcan/11-627-m/11-627-m2025045-fra.pdf |
| 856 | 4 |qHTML|sS.O.|uhttps://www150.statcan.gc.ca/n1/pub/11-627-m/11-627-m2025045-fra.htm |
| 986 | |a11-627-M |